Historia de Escuela Nueva en Colombia (Registro nro. 6744)

Detalles MARC
000 -LEADER
fixed length control field 01419cam a2200301 i 4500
001 - CONTROL NUMBER
control field on1089947418
003 - CONTROL NUMBER IDENTIFIER
control field OCoLC
005 - DATE AND TIME OF LATEST TRANSACTION
control field 20200706144227.0
008 - FIXED-LENGTH DATA ELEMENTS--GENERAL INFORMATION
fixed length control field 190820s2017 ck ao r 000 0 spa d
020 ## - INTERNATIONAL STANDARD BOOK NUMBER
International Standard Book Number 9588814758
020 ## - INTERNATIONAL STANDARD BOOK NUMBER
International Standard Book Number 9789588814759
040 ## - CATALOGING SOURCE
Original cataloging agency CKJAV
Transcribing agency CO-JMCR
041 0# - LANGUAGE CODE
Language code of text/sound track or separate title spa
082 04 - DEWEY DECIMAL CLASSIFICATION NUMBER
Classification number 370.9861 /
Item number G283h
Edition number 21
100 1# - MAIN ENTRY--PERSONAL NAME
Personal name Gaviria, María Cristina
Relator term autora
9 (RLIN) 6733
245 10 - TITLE STATEMENT
Title Historia de Escuela Nueva en Colombia
Remainder of title una renovación pedagógica para el siglo XXI
Statement of responsibility, etc. investigación y textos María Cristina Gaviria, Vicky Colbert ; edición general Angela Constanza Jerez
250 ## - EDITION STATEMENT
Edition statement Primera edición.
264 #1 - PRODUCTION, PUBLICATION, DISTRIBUTION, MANUFACTURE, AND COPYRIGHT NOTICE
Place of production, publication, distribution, manufacture Bogotá :
Name of producer, publisher, distributor, manufacturer Fundación Escuela Nueva,
Date of production, publication, distribution, manufacture, or copyright notice 2017.
300 ## - PHYSICAL DESCRIPTION
Extent 299 páginas :
Other physical details fotografías a color ;
Dimensions 23 x 28 cm.
504 ## - BIBLIOGRAPHY, ETC. NOTE
Bibliography, etc. note Incluye referencias bibliográficas.
505 0# - FORMATTED CONTENTS NOTE
Title El programa Escuela Nueva en Colombia : la construcción colectiva de una innovación educativa --
-- Internacionalización de Escuela Nueva : maestros colombianos, al exterior --
-- Escuela Nueva para nuevos contextos y poblaciones : la fundación Escuela Nueva volvamos a la gente --
-- 30 años de evaluaciones y logros.
650 14 - SUBJECT ADDED ENTRY--TOPICAL TERM
Topical term or geographic name entry element Educación en valores
General subdivision Historia
Geographic subdivision Colombia
9 (RLIN) 6734
650 24 - SUBJECT ADDED ENTRY--TOPICAL TERM
Topical term or geographic name entry element Pedagogía
Geographic subdivision Colombia
9 (RLIN) 6735
650 24 - SUBJECT ADDED ENTRY--TOPICAL TERM
Topical term or geographic name entry element Innovaciones educativas
9 (RLIN) 6736
700 1# - ADDED ENTRY--PERSONAL NAME
Personal name Colbert, Vicky
Relator term autora
9 (RLIN) 6737
700 1# - ADDED ENTRY--PERSONAL NAME
Personal name Jerez, Ángela Constanza
Relator term editora
9 (RLIN) 6738
942 ## - ADDED ENTRY ELEMENTS (KOHA)
Source of classification or shelving scheme Dewey Decimal Classification
Koha item type Books
Existencias
Withdrawn status Lost status Source of classification or shelving scheme Damaged status Not for loan Home library Current library Shelving location Date acquired Source of acquisition Total Checkouts Full call number Barcode Date last seen Date last checked out Copy number Price effective from Koha item type
    Dewey Decimal Classification     Biblioteca Pública José María del Castillo y Rada Biblioteca Pública José María del Castillo y Rada General Stacks 04/15/2018 Donación 1 370.9861 / G283h 201809943 02/11/2026 02/11/2026 Ej.1 07/06/2020 Books